000 00361nam a2200145Ia 4500
008 231207s9999 xx 000 0 und d
041 _aeng
082 _a005.74/MAS
100 _aA. K. Mujumdar
245 _aDatabase management system
250 _a2006,7th Edn.
260 _bTata mc graw hill
300 _aPB/475
650 _aComnputer Program Language
999 _c946996
_d946996